000 00588 a2200181 4500
020 _a9056991957
020 _a9789056991951
082 _a536.7
090 _c1636
_d1636
100 1 _aCouture, Lucienne
245 1 0 _aStatistical thermodynamics and properties of matter /
_cL. Couture, R. Zitoun.
250 _a1st ed.
260 _a[S.l.] :
_bCRC Press,
_c2000.
300 _a626 p. ;
_c26 cm.
700 1 _aZitoun, Robert
942 _aSNS
_cBK
_k536.7 COU
999 _c30245
_d30245